| 000 | 00697nam a22001337a 4500 | ||
|---|---|---|---|
| 040 | _cRUA | ||
| 082 | _aAVM POK 2018 B658 Or.1 | ||
| 100 | _aPOK NHEN ប៉ុក ញ៉េន | ||
| 245 | _astudy on parasite in domestic chicken (gallus gallus domesticus L,) in yie ang commune, thpong distrit, kampong speu province ការសិក្សាពីបរាសិតលើមាន់ស្រែ នៅឃុំយាអង្គ ស្រុកថ្ពង ខេត្តកមពង់ស្ពឺ | ||
| 260 |
_aRUA _bPNOHM PENM _c2018 |
||
| 300 |
_axi;31p _bill; _c29cm |
||
| 856 | _uhttps://drive.google.com/file/d/1xFvoZsH2nhNCCMumM8YZwrkaTzZIJQUo/view?usp=sharing | ||
| 942 | _cAVM | ||
| 999 |
_c18902 _d18902 |
||